Intercommunalités du Cher - Statistiques

Statistiques générales
  • Ce quiz a été pris 15 fois
  • Le résultat moyen est 6 sur 16
Statistiques - réponses
Nombres de communes Intercommunalités % Correct
17 Bourges Plus
100%
17 Communauté de Communes Vierzon-Sologne-Berry et Villages de la Forêt
100%
19 Communauté de Communes du Coeur de France
80%
36 Communauté de Communes Pays Fort Sancerrois Val de Loire
50%
17 Communauté de Communes du Dunois
40%
09 Communauté de Communes FerCher
40%
11 Communauté de Communes les Trois Provinces
40%
14 Communauté de Communes Sauldre et Sologne
40%
32 Communauté de Communes Berry Grand Sud
30%
15 Communauté de Communes la Septaine
30%
18 Communauté de Communes Arnon Boischaut Cher
20%
12 Communauté de Communes Pays de Nérondes
20%
13 Communauté de Communes Cœur de Berry
10%
12 Communauté de Communes Portes du Berry, entre Loire et val d'Aubois
10%
14 Communauté de Communes Berry-Loire-Vauvise
0%
30 Communauté de Communes Terres du Haut Berry
0%
Aucun quiz correspondant
Distribution des résultats
% des personnes avec chaque résultat
Percentile par nombre de réponses
Votre historique - résultats
Vous n’avez pas pris ce quiz